THE AMAZING WORLD OF NATURE (Record no. 581982)

000 -LEADER
fixed length control field 00222nam a22000977a 4500
082 ## - DEWEY DECIMAL CLASSIFICATION NUMBER
Classification number 508 AMA'
245 ## - TITLE STATEMENT
Title THE AMAZING WORLD OF NATURE
260 ## - PUBLICATION, DISTRIBUTION, ETC.
Place of publication, distribution, etc. LONDON
Name of publisher, distributor, etc. READER DIGEST ASSOCIATION
Date of publication, distribution, etc. 1969
300 ## - PHYSICAL DESCRIPTION
Extent 317P
942 ## - ADDED ENTRY ELEMENTS (KOHA)
Koha item type Book
Holdings
Withdrawn status Lost status Source of classification or shelving scheme Damaged status Not for loan Permanent Location Current Location Shelving location Date acquired Full call number Barcode Date last seen Price effective from Koha item type Public note
          College of Electrical & Mechanical Engineering (CEME) College of Electrical & Mechanical Engineering (CEME) General Stacks 06/01/2017 508 AMA' CEME-10994 06/28/2021 06/28/2021 Book 3.7
© 2023 Central Library, National University of Sciences and Technology. All Rights Reserved.